000 00286nam a2200133 i 4500
001 bg
100 1 _aMOYSET, Rene
245 0 _aNarty wodne /
_cRene Moyset.
260 _aWarszawa,
_c1965.
040 _cBPK
041 _apol
942 _cKS
008 s pl f |000 0 pol
999 _c7433
_d7433
856 _uhttp://koha.tu.koszalin.pl/cgi-bin/koha/opac-detail.pl?biblionumber=7433
_yKatalog online BPK